Public economics and human resources : (Registro nro. 5374)

Detalles MARC
000 -LEADER
fixed length control field 00951nam a2200229Ia 4500
003 - CONTROL NUMBER IDENTIFIER
control field OSt
005 - DATE AND TIME OF LATEST TRANSACTION
control field 20200617123854.0
008 - FIXED-LENGTH DATA ELEMENTS--GENERAL INFORMATION
fixed length control field 191128s1977 fr ad fr 000 0 eng d
040 ## - CATALOGING SOURCE
Original cataloging agency CO-JMCR
Transcribing agency CO-JMCR
041 0# - LANGUAGE CODE
Language code of text/sound track or separate title eng
082 04 - DEWEY DECIMAL CLASSIFICATION NUMBER
Classification number 330.04 /
Item number C749c
Edition number 23
111 2# - MAIN ENTRY--MEETING NAME
Meeting name or jurisdiction name as entry element Congress of the International Institute of Public Finance
Number of part/section/meeting (31st :
Date of meeting or treaty signing 1975 :
Location of meeting Paris)
9 (RLIN) 5699
245 10 - TITLE STATEMENT
Title Public economics and human resources :
Remainder of title 31st Congress of the International Institute of Public Finance, Paris, 8-12 september 1975 /
250 ## - EDITION STATEMENT
Edition statement 1re edition
260 ## - PUBLICATION, DISTRIBUTION, ETC.
Place of publication, distribution, etc. Paris :
Name of publisher, distributor, etc. Cujas,
Date of publication, distribution, etc. 1977
300 ## - PHYSICAL DESCRIPTION
Extent 309 páginas :
Other physical details gráficos a blanco y negro ;
Dimensions 24 cm.
505 0# - FORMATTED CONTENTS NOTE
Formatted contents note Demography and the lobour market -- Health -- Income redistribution
650 14 - SUBJECT ADDED ENTRY--TOPICAL TERM
Topical term or geographic name entry element Recursos humanos
9 (RLIN) 5700
Form subdivision Congresos, seminarios, etc.
650 14 - SUBJECT ADDED ENTRY--TOPICAL TERM
Topical term or geographic name entry element Economía
9 (RLIN) 5701
Form subdivision Congresos, seminarios, etc.
650 14 - SUBJECT ADDED ENTRY--TOPICAL TERM
Topical term or geographic name entry element Teoría de lo público
9 (RLIN) 5702
Form subdivision Congresos, seminarios, etc.
942 ## - ADDED ENTRY ELEMENTS (KOHA)
Source of classification or shelving scheme Dewey Decimal Classification
Koha item type Books
Existencias
Withdrawn status Lost status Source of classification or shelving scheme Damaged status Not for loan Collection code Home library Current library Date acquired Source of acquisition Cost, normal purchase price Total Checkouts Full call number Barcode Date last seen Copy number Koha item type
    Dewey Decimal Classification     Non-fiction Biblioteca Pública José María del Castillo y Rada Biblioteca Pública José María del Castillo y Rada 04/15/2018 Donación 0.00   330.04 / C749c 430001774 05/16/2024 Ej.1 Books